[Event "Najdorf Memorial op-B"]
[Site "Grodzisk Mazowiecki"]
[Date "2007.07.27"]
[Round "8"]
[White "Flis, Radoslaw"]
[Black "Jaglowski, Leszek"]
[Result "1-0"]
[WhiteElo "1917"]
[BlackElo "1961"]
[PlyCount "100"]
[EventDate "2007.07.20"]
[EventType "swiss"]
[EventRounds "9"]
[EventCountry "POL"]
[SourceTitle "EXT 2008"]
[Source "ChessBase"]
[SourceDate "2007.11.25"]
[SourceVersion "1"]
[SourceVersionDate "2007.11.25"]
[SourceQuality "1"]

1. e4 c6 2. d4 d5 3. Nc3 dxe4 4. Nxe4 Bf5 5. Ng3 Bg6 6. h4 h6 7. Nf3 e6 8. h5 Bh7 9. Bd3 Bxd3 10. Qxd3 Nf6 11. Bd2 Bd6 12. 0-0-0 Nbd7 13. Qe2 Qc7 14. Nf5 0-0-0 15. Nxd6+ Qxd6 16. g3 Qd5 17. c4 Qe4 18. Be3 Ng4 19. Nd2 Qf5 20. f3 Nxe3 21. Qxe3 Nb6 22. b3 Qa5 23. Kb1 Qb4 24. Ka1 Rd7 25. Ne4 Kb8 26. Rd3 Qe7 27. Rhd1 Re8 28. f4 Rdd8 29. R3d2 Qc7 30. Qf3 Re7 31. Kb2 Ree8 32. Rf2 Qe7 33. Qc3 Nd7 34. c5 Nf6 35. Nd6 Nd5 36. Qf3 Rg8 37. Qe4 Qf6 38. Qe5 Qxe5 39. fxe5 f6 40. g4 fxe5 41. dxe5 Ne3 42. Rg1 Rgf8 43. Rxf8 Rxf8 44. g5 hxg5 45. Rxg5 Nf5 46. Rg6 Rh8 47. Rxe6 Rxh5 48. Re8+ Kc7 49. Rg8 Ne7 50. Rxg7 Rxe5 1-0

[Event "Najdorf Memorial op-B"]
[Site "Grodzisk Mazowiecki"]
[Date "2007.07.23"]
[Round "4"]
[White "Jaglowski, Leszek"]
[Black "Malec, Sebastian"]
[Result "1/2-1/2"]
[WhiteElo "1961"]
[BlackElo "1740"]
[PlyCount "78"]
[EventDate "2007.07.20"]
[EventType "swiss"]
[EventRounds "9"]
[EventCountry "POL"]
[SourceTitle "EXT 2008"]
[Source "ChessBase"]
[SourceDate "2007.11.25"]
[SourceVersion "1"]
[SourceVersionDate "2007.11.25"]
[SourceQuality "1"]

1. c4 g6 2. Nc3 Bg7 3. g3 Nf6 4. e4 d6 5. Bg2 0-0 6. Nge2 e5 7. 0-0 Be6 8. d3 Qd7 9. Nd5 Nxd5 10. cxd5 Bh3 11. Be3 Bxg2 12. Kxg2 c5 13. Qd2 Qe7 14. f4 f5 15. exf5 exf4 16. Nxf4 Rxf5 17. Rae1 Be5 18. d4 cxd4 19. Bxd4 Nd7 20. Ne6 Qf6 21. Bxe5 Nxe5 22. Nd4 Rxf1 23. Rxf1 Qe7 24. Ne6 Rc8 25. Rf2 Ng4 26. Re2 Qd7 27. Qd4 Ne5 28. Qxa7 Qb5 29. Rd2 Nc4 30. Qd4 Ne5 31. b3 Rc1 32. Qf4 Rc8 33. Qf6 Qd7 34. Rf2 Qf7 35. Qh4 Qd7 36. Qd4 Qe7 37. Qd2 Qd7 38. h3 Qe7 39. h4 Qd7 1/2-1/2

[Event "Mazowieckie-chT 0405"]
[Site "Poland"]
[Date "2004.11.21"]
[Round "4"]
[White "Jaglowski, Leszek"]
[Black "Rutkowski, Piotr"]
[Result "0-1"]
[WhiteElo "1993"]
[BlackElo "2080"]
[PlyCount "70"]
[EventDate "2004.10.03"]
[EventType "team-tourn"]
[EventRounds "10"]
[EventCountry "POL"]
[SourceTitle "EXT 2019"]
[Source "ChessBase"]
[SourceDate "2018.10.10"]
[SourceVersion "1"]
[SourceVersionDate "2018.10.10"]
[SourceQuality "1"]

1. c4 Nf6 2. Nc3 g6 3. g3 Bg7 4. Bg2 0-0 5. e4 d6 6. d3 Nc6 7. Nge2 e5 8. 0-0 Nd4 9. Be3 c5 10. h3 Bd7 11. Qd2 Bxh3 12. Bh6 Qd7 13. Bxg7 Kxg7 14. f4 Qg4 15. fxe5 dxe5 16. Nxd4 cxd4 17. Kh2 Bxg2 18. Qxg2 dxc3 19. bxc3 Qg5 20. Rf3 Ng4+ 21. Kg1 h6 22. Qe2 Rad8 23. Rd1 h5 24. d4 Rh8 25. Qd2 Qxd2 26. Rxd2 exd4 27. cxd4 Rhe8 28. Rc3 Rxe4 29. d5 Ne5 30. c5 g5 31. Kg2 f6 32. a3 Rd7 33. Rb3 Rc4 34. Rdb2 Rxc5 35. Rxb7 Rcxd5 0-1